[Event "SB-2015-0-00401"]
[Site "LSS email"]
[Date "2015.01.01"]
[Round "?"]
[White "Ederer, Karel"]
[Black "Zabransky, Frantisek"]
[Result "1/2-1/2"]
[WhiteElo "2052"]
[BlackElo "2036"]
[PlyCount "41"]
[EventDate "2014.12.17"]
[EventType "tourn (corr)"]
[EventRounds "6"]
[EventCountry "GER"]
[SourceTitle "Corr 2022"]
[Source "ChessBase"]
[SourceDate "2021.10.24"]
[SourceVersion "1"]
[SourceVersionDate "2021.10.24"]
[SourceQuality "1"]

1. e4 e5 2. Nf3 Nc6 3. Bb5 a6 4. Ba4 Nf6 5. 0-0 Be7 6. Re1 b5 7. Bb3 0-0 8. c3 d6 9. h3 Na5 10. Bc2 c5 11. d4 Qc7 12. d5 Nd7 13. b3 Nb6 14. Nbd2 c4 15. Nf1 Nb7 16. Ne3 Bd7 17. Qe2 Rac8 18. Bb2 h6 19. Rac1 Rb8 20. Red1 Rfc8 21. b4 1/2-1/2

[Event "SB-2015-0-00401"]
[Site "LSS email"]
[Date "2015.01.01"]
[Round "?"]
[White "Herzog, Klaus"]
[Black "Zabransky, Frantisek"]
[Result "1-0"]
[WhiteElo "1892"]
[BlackElo "2036"]
[PlyCount "22"]
[EventDate "2014.12.17"]
[EventType "tourn (corr)"]
[EventRounds "6"]
[EventCountry "GER"]
[SourceTitle "Corr 2022"]
[Source "ChessBase"]
[SourceDate "2021.10.24"]
[SourceVersion "1"]
[SourceVersionDate "2021.10.24"]
[SourceQuality "1"]

1. d4 Nf6 2. c4 e6 3. Nc3 Bb4 4. f3 c5 5. d5 0-0 6. e4 Bxc3+ 7. bxc3 d6 8. Bd3 Nbd7 9. Ne2 Ne5 10. 0-0 b6 11. Ng3 Ba6 1-0

[Event "SB-2014-0-00400"]
[Site "LSS email"]
[Date "2014.12.27"]
[Round "?"]
[White "Hardyn, Jaroslav"]
[Black "Zabransky, Frantisek"]
[Result "1-0"]
[WhiteElo "1871"]
[BlackElo "2016"]
[PlyCount "73"]
[EventDate "2014.12.14"]
[EventType "tourn (corr)"]
[EventRounds "6"]
[EventCountry "GER"]
[SourceTitle "Corr 2022"]
[Source "ChessBase"]
[SourceDate "2021.10.24"]
[SourceVersion "1"]
[SourceVersionDate "2021.10.24"]
[SourceQuality "1"]

1. d4 Nf6 2. c4 e6 3. Nc3 Bb4 4. Nf3 0-0 5. Bg5 h6 6. Bh4 d6 7. e3 Nbd7 8. Be2 b6 9. 0-0 Bb7 10. Na4 c5 11. a3 Ba5 12. Rb1 Be4 13. Bd3 g5 14. Bg3 b5 15. cxb5 c4 16. Bc2 Qe7 17. h4 Bxc2 18. Qxc2 g4 19. Nd2 Rac8 20. Ne4 Ne8 21. b4 Bd8 22. Nec3 f5 23. Ne2 Nef6 24. Nac3 d5 25. Nf4 Kh7 26. Qa4 Bb6 27. Rb2 Ne4 28. Nxe4 fxe4 29. Ra2 Rce8 30. Qd1 Nf6 31. Qd2 Qd7 32. a4 Bc7 33. Qc3 Rc8 34. Qc2 Bd6 35. Rb1 Rb8 36. Rab2 Rbe8 37. Rc1 1-0

[Event "SB-2014-0-00398"]
[Site "LSS email"]
[Date "2014.12.21"]
[Round "?"]
[White "Obukhov, Gennady Nikolaevich"]
[Black "Zabransky, Frantisek"]
[Result "1-0"]
[WhiteElo "1980"]
[BlackElo "2037"]
[PlyCount "93"]
[EventDate "2014.12.02"]
[EventType "tourn (corr)"]
[EventRounds "6"]
[EventCountry "GER"]
[SourceTitle "Corr 2022"]
[Source "ChessBase"]
[SourceDate "2021.10.24"]
[SourceVersion "1"]
[SourceVersionDate "2021.10.24"]
[SourceQuality "1"]

1. e4 e5 2. Nf3 Nc6 3. Bc4 Nf6 4. Ng5 d5 5. exd5 Na5 6. Bb5+ c6 7. dxc6 bxc6 8. Qf3 Be7 9. Bxc6+ Nxc6 10. Qxc6+ Bd7 11. Qf3 Rc8 12. 0-0 0-0 13. Nc3 Ng4 14. h3 Nh6 15. h4 Nf5 16. Qe4 Re8 17. d3 h6 18. g4 hxg5 19. gxf5 gxh4 20. Be3 Rc6 21. Nd5 Rxc2 22. d4 Rxb2 23. dxe5 Bd6 24. Bd4 Qg5+ 25. Qg2 Qxg2+ 26. Kxg2 h3+ 27. Kg1 h2+ 28. Kh1 Rb5 29. Nf6+ gxf6 30. exd6 Rxf5 31. Rac1 Kh7 32. Bxa7 Bb5 33. Rfd1 Be2 34. Rd4 Rh5 35. Rf4 Ree5 36. a4 f5 37. Kg2 Re6 38. f3 Rxd6 39. Rh1 Rd2 40. Rd4 Ra2 41. Kg3 Bf1 42. Rxf1 h1Q 43. Rxh1 Rxh1 44. Bb6 Rh6 45. a5 Kg6 46. Rd5 f6 47. Bd4 1-0

[Event "SB-2014-0-00398"]
[Site "LSS email"]
[Date "2014.12.20"]
[Round "?"]
[White "Luers, Lavas"]
[Black "Zabransky, Frantisek"]
[Result "1-0"]
[WhiteElo "1960"]
[BlackElo "2037"]
[PlyCount "69"]
[EventDate "2014.12.02"]
[EventType "tourn (corr)"]
[EventRounds "6"]
[EventCountry "GER"]
[SourceTitle "Corr 2022"]
[Source "ChessBase"]
[SourceDate "2021.10.24"]
[SourceVersion "1"]
[SourceVersionDate "2021.10.24"]
[SourceQuality "1"]

1. e4 e5 2. Nf3 Nc6 3. Bb5 a6 4. Ba4 Nf6 5. 0-0 Be7 6. Re1 b5 7. Bb3 0-0 8. h3 d6 9. c3 Na5 10. Bc2 c5 11. d4 cxd4 12. cxd4 Qc7 13. Nbd2 Bb7 14. d5 Bc8 15. Nf1 Bd7 16. Rb1 Rfc8 17. Bd3 Bd8 18. Ng3 g6 19. b3 Qa7 20. Qd2 Bb6 21. Rf1 Ne8 22. Qh6 f6 23. Nh4 Ng7 24. Nxg6 hxg6 25. Qxg6 Be8 26. Qxf6 Rc3 27. Qf3 Qf7 28. Nf5 Nxf5 29. exf5 Nb7 30. Bd2 Rc7 31. Rbc1 Nc5 32. Bb1 Qh5 33. g4 Qh4 34. Kh2 a5 35. Rg1 1-0

[Event "SB-2014-0-00396"]
[Site "LSS email"]
[Date "2014.12.14"]
[Round "?"]
[White "Zabransky, Frantisek"]
[Black "Herzog, Klaus"]
[Result "0-1"]
[WhiteElo "2044"]
[BlackElo "1908"]
[PlyCount "47"]
[EventDate "2014.11.19"]
[EventType "tourn (corr)"]
[EventRounds "6"]
[EventCountry "GER"]
[SourceTitle "Corr 2022"]
[Source "ChessBase"]
[SourceDate "2021.10.24"]
[SourceVersion "1"]
[SourceVersionDate "2021.10.24"]
[SourceQuality "1"]

1. e4 e5 2. Nf3 Nc6 3. Bb5 a6 4. Bxc6 dxc6 5. 0-0 Qf6 6. d3 Bg4 7. Nbd2 Ne7 8. Rb1 Ng6 9. a3 Nh4 10. h3 Nxf3+ 11. Nxf3 Bxf3 12. gxf3 g5 13. Kg2 0-0-0 14. b4 Qe6 15. a4 h5 16. Rg1 Be7 17. b5 cxb5 18. axb5 a5 19. b6 cxb6 20. Be3 Rd6 21. Rb5 f6 22. Qe2 Bd8 23. c4 Rh7 24. Rgb1 0-1

[Event "SB-2014-0-00395"]
[Site "LSS email"]
[Date "2014.12.04"]
[Round "?"]
[White "Zabransky, Frantisek"]
[Black "Pott, Brian"]
[Result "0-1"]
[WhiteElo "2037"]
[BlackElo "1774"]
[PlyCount "50"]
[EventDate "2014.11.05"]
[EventType "tourn (corr)"]
[EventRounds "6"]
[EventCountry "GER"]
[SourceTitle "Corr 2022"]
[Source "ChessBase"]
[SourceDate "2021.10.24"]
[SourceVersion "1"]
[SourceVersionDate "2021.10.24"]
[SourceQuality "1"]

1. d4 Nf6 2. c4 g6 3. Nc3 Bg7 4. e4 d6 5. Nf3 0-0 6. h3 e5 7. d5 Nbd7 8. Bd3 Nc5 9. Bc2 a5 10. 0-0 Bd7 11. Bg5 h6 12. Be3 b6 13. Re1 Qc8 14. Qd2 Kh7 15. Rab1 Nh5 16. b3 Re8 17. a3 Bxh3 18. gxh3 Qxh3 19. Nh2 Nf4 20. f3 Rec8 21. Kh1 Bf6 22. Rg1 Bg5 23. Ne2 Nxe2 24. Qxe2 Bxe3 25. Qxe3 Kg7 0-1

[Event "SB-2014-0-00393"]
[Site "LSS email"]
[Date "2014.12.03"]
[Round "?"]
[White "Zabransky, Frantisek"]
[Black "Egorov, Vladimir Al"]
[Result "0-1"]
[WhiteElo "2019"]
[BlackElo "2331"]
[PlyCount "70"]
[EventDate "2014.10.21"]
[EventType "tourn (corr)"]
[EventRounds "6"]
[EventCountry "GER"]
[SourceTitle "Corr 2022"]
[Source "ChessBase"]
[SourceDate "2021.10.24"]
[SourceVersion "1"]
[SourceVersionDate "2021.10.24"]
[SourceQuality "1"]

1. e4 c6 2. d4 d5 3. Nc3 dxe4 4. Nxe4 Bf5 5. Ng3 Bg6 6. h4 h6 7. Nf3 Nd7 8. h5 Bh7 9. Bd3 Bxd3 10. Qxd3 Ngf6 11. Bf4 Qa5+ 12. Bd2 Qc7 13. 0-0-0 e6 14. Ne4 0-0-0 15. Kb1 c5 16. Nxf6 Nxf6 17. Qe2 cxd4 18. Rh4 Bc5 19. Bf4 Qb6 20. Ne5 Nd5 21. Ka1 Rhf8 22. Bg3 f6 23. Nd3 Nc7 24. Qg4 Rd7 25. Nxc5 Qxc5 26. Bxc7 Kxc7 27. Qxe6 Qxc2 28. Rhh1 Qa4 29. Rc1+ Kb8 30. Rc4 Qb5 31. Rc5 Qxc5 32. Qxd7 Rg8 33. a3 a6 34. Qf7 Qc8 35. Rd1 Rd8 0-1

[Event "SB-2014-0-00393"]
[Site "LSS email"]
[Date "2014.11.30"]
[Round "?"]
[White "Zabransky, Frantisek"]
[Black "Rodrigues, Antonio"]
[Result "1/2-1/2"]
[WhiteElo "2019"]
[BlackElo "1984"]
[PlyCount "62"]
[EventDate "2014.10.21"]
[EventType "tourn (corr)"]
[EventRounds "6"]
[EventCountry "GER"]
[SourceTitle "Corr 2022"]
[Source "ChessBase"]
[SourceDate "2021.10.24"]
[SourceVersion "1"]
[SourceVersionDate "2021.10.24"]
[SourceQuality "1"]

1. d4 Nf6 2. c4 e5 3. dxe5 Ng4 4. Bf4 Nc6 5. Nf3 Bb4+ 6. Nc3 Bxc3+ 7. bxc3 Qe7 8. Qd5 f6 9. exf6 Nxf6 10. Qd3 d6 11. e3 0-0 12. Be2 Ne4 13. Nd4 Nc5 14. Qd1 Ne5 15. 0-0 Bd7 16. Nb3 Bc6 17. Nxc5 dxc5 18. Qc2 Rae8 19. Bg3 Qf7 20. Rad1 b6 21. Rfe1 h5 22. Bf1 g5 23. h3 g4 24. h4 Re7 25. a3 Kg7 26. e4 Rfe8 27. Qc1 Qf6 28. Re3 Qg6 29. Bf4 a6 30. Rd2 Rf8 31. Bg3 a5 1/2-1/2

[Event "SB-2014-0-00392"]
[Site "LSS email"]
[Date "2014.11.20"]
[Round "?"]
[White "Van Bommel, Ton"]
[Black "Zabransky, Frantisek"]
[Result "0-1"]
[WhiteElo "2053"]
[BlackElo "1987"]
[PlyCount "46"]
[EventDate "2014.10.05"]
[EventType "tourn (corr)"]
[EventRounds "6"]
[EventCountry "GER"]
[SourceTitle "Corr 2022"]
[Source "ChessBase"]
[SourceDate "2021.10.24"]
[SourceVersion "1"]
[SourceVersionDate "2021.10.24"]
[SourceQuality "1"]

1. e4 c6 2. d4 d5 3. f3 dxe4 4. fxe4 e5 5. Nf3 exd4 6. Bc4 Nd7 7. Qxd4 b5 8. Bb3 Ngf6 9. Ng5 Bc5 10. Bxf7+ Ke7 11. Qc3 Qb6 12. Qb3 Bf2+ 13. Kf1 Ne5 14. Nc3 b4 15. Be6 Ba6+ 16. Ne2 Raf8 17. Bf5 Bc4 18. Qh3 Nfg4 19. Bf4 Qc5 20. Rd1 Rd8 21. Rd5 Bxe2+ 22. Kxe2 Qxc2+ 23. Bd2 Qc4+ 0-1

[Event "SB-2014-0-00392"]
[Site "LSS email"]
[Date "2014.11.16"]
[Round "?"]
[White "Zabransky, Frantisek"]
[Black "Korchut, Adam"]
[Result "1/2-1/2"]
[WhiteElo "1987"]
[BlackElo "1804"]
[PlyCount "49"]
[EventDate "2014.10.05"]
[EventType "tourn (corr)"]
[EventRounds "6"]
[EventCountry "GER"]
[SourceTitle "Corr 2022"]
[Source "ChessBase"]
[SourceDate "2021.10.24"]
[SourceVersion "1"]
[SourceVersionDate "2021.10.24"]
[SourceQuality "1"]

1. d4 d5 2. c4 dxc4 3. Nf3 Nf6 4. e3 e6 5. Bxc4 c5 6. 0-0 a6 7. Nbd2 Nc6 8. dxc5 Bxc5 9. a3 b5 10. Be2 Bb7 11. b4 Bb6 12. Bb2 0-0 13. Qb1 Qe7 14. Ng5 g6 15. Rd1 Nd5 16. Ngf3 Rfd8 17. Qa2 a5 18. Qb3 axb4 19. axb4 Rxa1 20. Rxa1 Qxb4 21. Bxb5 Qxb3 22. Nxb3 Rc8 23. Nfd2 Ncb4 24. Ra4 Bc6 25. Bxc6 1/2-1/2

[Event "SB-2014-0-00391"]
[Site "LSS email"]
[Date "2014.11.06"]
[Round "?"]
[White "Zabransky, Frantisek"]
[Black "Onem, Cem"]
[Result "0-1"]
[WhiteElo "1979"]
[BlackElo "1780"]
[PlyCount "20"]
[EventDate "2014.09.28"]
[EventType "tourn (corr)"]
[EventRounds "6"]
[EventCountry "GER"]
[SourceTitle "Corr 2022"]
[Source "ChessBase"]
[SourceDate "2021.10.24"]
[SourceVersion "1"]
[SourceVersionDate "2021.10.24"]
[SourceQuality "1"]

1. e4 e5 2. Nf3 Nc6 3. Bb5 a6 4. Bxc6 dxc6 5. 0-0 f6 6. d4 Bg4 7. c3 Bd6 8. h3 Bh5 9. Be3 Qe7 10. Nbd2 exd4 0-1

[Event "RB-2014-0-00263"]
[Site "LSS email"]
[Date "2014.11.02"]
[Round "?"]
[White "Zabransky, Frantisek"]
[Black "Perez, Alberto"]
[Result "1-0"]
[WhiteElo "1986"]
[BlackElo "1922"]
[PlyCount "113"]
[EventDate "2014.09.14"]
[EventType "tourn (corr)"]
[EventRounds "6"]
[EventCountry "GER"]
[SourceTitle "Corr 2022"]
[Source "ChessBase"]
[SourceDate "2021.10.24"]
[SourceVersion "1"]
[SourceVersionDate "2021.10.24"]
[SourceQuality "1"]

1. e4 c5 2. Nf3 d6 3. d4 cxd4 4. Nxd4 Nf6 5. Nc3 a6 6. Be2 e5 7. Nb3 Be6 8. 0-0 Be7 9. Qd3 0-0 10. Nd5 Nxd5 11. exd5 Bc8 12. Be3 Nd7 13. Rae1 Qc7 14. c3 f5 15. f4 e4 16. Qd2 Nb6 17. Rc1 a5 18. c4 Nd7 19. g4 Nc5 20. g5 Bd7 21. Kg2 Rf7 22. h4 Qb6 23. Qc3 a4 24. Nd4 Rff8 25. Nc2 Qa5 26. Qd4 Qa7 27. Ra1 h6 28. b4 axb3 29. axb3 Qb8 30. Rxa8 Qxa8 31. b4 Na4 32. Qa1 Qe8 33. Nd4 Qf7 34. Ne6 Ra8 35. Bh5 g6 36. Bd1 h5 37. Rf2 Nb6 38. Ra2 Rxa2+ 39. Qxa2 Nc8 40. c5 Bxe6 41. dxe6 Qf8 42. Qa4 dxc5 43. Bxc5 b6 44. Bxe7 Nxe7 45. Qd7 Kh7 46. Be2 Qg7 47. b5 Ng8 48. Kg3 Kh8 49. Qd6 Qc3+ 50. Kf2 e3+ 51. Kf3 Qc1 52. Qe5+ Kh7 53. e7 Qg1 54. Qxe3 Qxe3+ 55. Kxe3 Nxe7 56. Kd4 Kg7 57. Bc4 1-0

[Event "OP-2014-0-03500"]
[Site "LSS email"]
[Date "2014.10.13"]
[Round "?"]
[White "Zabransky, Frantisek"]
[Black "Barros Uriburu, Nicolas"]
[Result "1-0"]
[WhiteElo "1625"]
[BlackElo "1016"]
[PlyCount "35"]
[EventDate "2014.09.08"]
[EventType "tourn (corr)"]
[EventRounds "4"]
[EventCountry "GER"]
[SourceTitle "Corr 2015"]
[Source "ChessBase"]
[SourceDate "2015.07.17"]
[SourceVersion "1"]
[SourceVersionDate "2015.07.17"]
[SourceQuality "1"]

1. e4 e6 2. d4 c5 3. d5 d6 4. Bb5+ Bd7 5. Bxd7+ Qxd7 6. c4 Nf6 7. Nc3 e5 8. f4 Na6 9. Nf3 Qg4 10. 0-0 Be7 11. fxe5 Nxe4 12. Qa4+ Kf8 13. Nxe4 Qxe4 14. Qd7 Rd8 15. Qxb7 Nb4 16. Ng5 Qd4+ 17. Kh1 f6 18. Ne6+ 1-0

[Event "CP-2014-P-00034"]
[Site "LSS email"]
[Date "2014.09.30"]
[Round "?"]
[White "Bergmann, Michael"]
[Black "Zabransky, Frantisek"]
[Result "1-0"]
[WhiteElo "2390"]
[BlackElo "1625"]
[PlyCount "53"]
[EventDate "2014.10.01"]
[EventType "tourn (corr)"]
[EventRounds "6"]
[EventCountry "GER"]
[SourceTitle "Corr 2015"]
[Source "ChessBase"]
[SourceDate "2015.07.17"]
[SourceVersion "1"]
[SourceVersionDate "2015.07.17"]
[SourceQuality "1"]

1. d4 Nf6 2. c4 e6 3. g3 c5 4. d5 exd5 5. cxd5 d6 6. Nc3 a6 7. a4 g6 8. Bg2 Bg7 9. Nf3 0-0 10. 0-0 Nbd7 11. Bf4 Qc7 12. e4 Re8 13. Re1 Nh5 14. Bd2 Ne5 15. Nxe5 Bxe5 16. a5 Bd7 17. f4 Bg7 18. Bf3 Nf6 19. Na4 Bb5 20. Bc3 Nd7 21. Qd2 Bxc3 22. Qxc3 Rac8 23. Bg4 Bxa4 24. Rxa4 Rb8 25. b3 Re7 26. Kg2 Rbe8 27. Bf3 1-0

[Event "SB-2014-0-00387"]
[Site "LSS email"]
[Date "2014.09.28"]
[Round "?"]
[White "Zabransky, Frantisek"]
[Black "Wilk, Zdenek"]
[Result "1/2-1/2"]
[WhiteElo "1625"]
[BlackElo "1837"]
[PlyCount "46"]
[EventDate "2014.09.13"]
[EventType "tourn (corr)"]
[EventRounds "6"]
[EventCountry "GER"]
[SourceTitle "Corr 2015"]
[Source "ChessBase"]
[SourceDate "2015.07.17"]
[SourceVersion "1"]
[SourceVersionDate "2015.07.17"]
[SourceQuality "1"]

1. e4 e5 2. Nf3 Nc6 3. Bb5 a6 4. Bxc6 dxc6 5. 0-0 Bg4 6. h3 h5 7. d3 Qf6 8. Nbd2 Ne7 9. Re1 Ng6 10. d4 Nf4 11. hxg4 hxg4 12. g3 gxf3 13. Qxf3 Ne6 14. dxe5 Qxe5 15. Qf5 Qb5 16. a4 Qb6 17. c3 g6 18. Qf3 0-0-0 19. b4 a5 20. Nc4 Qa6 21. Ne5 Bg7 22. Nxf7 Rhf8 23. Qg4 Rde8 1/2-1/2

[Event "SB-2014-0-00385"]
[Site "LSS email"]
[Date "2014.09.21"]
[Round "?"]
[White "Hardyn, Jaroslav"]
[Black "Zabransky, Frantisek"]
[Result "1/2-1/2"]
[WhiteElo "1890"]
[BlackElo "1962"]
[PlyCount "83"]
[EventDate "2014.09.02"]
[EventType "tourn (corr)"]
[EventRounds "6"]
[EventCountry "GER"]
[SourceTitle "Corr 2022"]
[Source "ChessBase"]
[SourceDate "2021.10.24"]
[SourceVersion "1"]
[SourceVersionDate "2021.10.24"]
[SourceQuality "1"]

1. e4 c6 2. d4 d5 3. exd5 cxd5 4. c4 Nf6 5. Nc3 Nc6 6. Bg5 dxc4 7. d5 Na5 8. b4 cxb3 9. axb3 b6 10. b4 Nb7 11. Bb5+ Bd7 12. Nf3 h6 13. Bxd7+ Nxd7 14. Be3 g5 15. 0-0 Bg7 16. Nd4 Nf6 17. Nc6 Qc7 18. Bd4 0-0 19. b5 Rfe8 20. f4 g4 21. f5 Nd6 22. Ra4 Kh7 23. Qd3 Qc8 24. Nxa7 Qb7 25. Nc6 Rxa4 26. Nxa4 Nfe4 27. Be3 Bf6 28. Nxb6 Nc3 29. Rf4 h5 30. Kh1 Ndxb5 31. Bg1 Nd6 32. Rb4 Qc7 33. Rb3 Nde4 34. Na4 Qd6 35. Nxc3 Nxc3 36. Rxc3 Bxc3 37. f6+ Kh8 38. Qxc3 exf6 39. Qd2 Kg7 40. h3 gxh3 41. gxh3 Qa3 42. Kh2 1/2-1/2

[Event "SB-2014-0-00385"]
[Site "LSS email"]
[Date "2014.09.20"]
[Round "?"]
[White "Costanzo, Flavio"]
[Black "Zabransky, Frantisek"]
[Result "1-0"]
[WhiteElo "2054"]
[BlackElo "1962"]
[PlyCount "111"]
[EventDate "2014.09.02"]
[EventType "tourn (corr)"]
[EventRounds "6"]
[EventCountry "GER"]
[SourceTitle "Corr 2022"]
[Source "ChessBase"]
[SourceDate "2021.10.24"]
[SourceVersion "1"]
[SourceVersionDate "2021.10.24"]
[SourceQuality "1"]

1. e4 c6 2. d4 d5 3. e5 Bf5 4. Nf3 e6 5. Be2 Ne7 6. 0-0 Nd7 7. Nbd2 Ng6 8. Nb3 h5 9. Be3 Rc8 10. c3 h4 11. Nfd2 a6 12. h3 c5 13. c4 dxc4 14. Nxc4 b5 15. Nd6+ Bxd6 16. exd6 c4 17. Nc5 Nf6 18. Nxa6 Qxd6 19. Nc5 0-0 20. a4 Nd5 21. axb5 Ngf4 22. Bxc4 Nxg2 23. Ra6 Qb8 24. Qf3 Ndf4 25. Bd2 e5 26. b6 e4 27. Qb3 e3 28. fxe3 Nxh3+ 29. Kh1 Qg3 30. b7 Rb8 31. Bxf7+ Kh8 32. Qd5 Nf2+ 33. Rxf2 Qxf2 34. Qxg2 Qxg2+ 35. Kxg2 Rxf7 36. Rb6 Kg8 37. Be1 g5 38. d5 Re7 39. Bc3 g4 40. Bd4 Be4+ 41. Nxe4 Rxe4 42. Rg6+ Kf8 43. Bc5+ Kf7 44. Rh6 h3+ 45. Kg3 Re5 46. Bd6 Rxe3+ 47. Kxg4 Rg8+ 48. Kf5 Rf3+ 49. Bf4 Rb8 50. Kg4 Rxf4+ 51. Kxf4 Rxb7 52. Rh7+ Kg6 53. Rxh3 Rxb2 54. Ke5 Re2+ 55. Kd6 Rd2 56. Kc6 1-0

[Event "SB-2014-0-00385"]
[Site "LSS email"]
[Date "2014.09.20"]
[Round "?"]
[White "Introini, Luis Fredy"]
[Black "Zabransky, Frantisek"]
[Result "0-1"]
[WhiteElo "1895"]
[BlackElo "1962"]
[PlyCount "38"]
[EventDate "2014.09.02"]
[EventType "tourn (corr)"]
[EventRounds "6"]
[EventCountry "GER"]
[SourceTitle "Corr 2022"]
[Source "ChessBase"]
[SourceDate "2021.10.24"]
[SourceVersion "1"]
[SourceVersionDate "2021.10.24"]
[SourceQuality "1"]

1. e4 c6 2. d4 d5 3. Nc3 dxe4 4. Nxe4 Nd7 5. Bc4 Ngf6 6. Ng5 e6 7. Ne2 Bd6 8. 0-0 h6 9. Nf3 Qc7 10. Re1 0-0 11. Be3 b5 12. Bd3 Ng4 13. Ng3 Rb8 14. Qe2 Nxe3 15. Qxe3 c5 16. c3 b4 17. Rab1 bxc3 18. bxc3 Rxb1 19. Rxb1 Nf6 0-1

[Event "RC-2014-0-00157"]
[Site "LSS email"]
[Date "2014.09.08"]
[Round "?"]
[White "Munoz Sanchez, Emilio Jose"]
[Black "Zabransky, Frantisek"]
[Result "0-1"]
[WhiteElo "1675"]
[BlackElo "1942"]
[PlyCount "44"]
[EventDate "2014.07.02"]
[EventType "tourn (corr)"]
[EventRounds "6"]
[EventCountry "GER"]
[SourceTitle "Corr 2022"]
[Source "ChessBase"]
[SourceDate "2021.10.24"]
[SourceVersion "1"]
[SourceVersionDate "2021.10.24"]
[SourceQuality "1"]

1. d4 Nf6 2. c4 e6 3. Nc3 Bb4 4. a3 Bxc3+ 5. bxc3 c5 6. e3 b6 7. Nf3 Bb7 8. Bd3 0-0 9. 0-0 Be4 10. Be2 Qc7 11. Ng5 Bb7 12. Bd3 Nc6 13. Qc2 h6 14. Nf3 Rfc8 15. Bb2 Na5 16. Rac1 b5 17. cxb5 c4 18. Be2 Be4 19. Qa4 a6 20. bxa6 Nb3 21. Rce1 d5 22. Ne5 Bc2 0-1

[Event "RC-2014-0-00157"]
[Site "LSS email"]
[Date "2014.09.07"]
[Round "?"]
[White "Schulz, Hans Juergen"]
[Black "Zabransky, Frantisek"]
[Result "0-1"]
[WhiteElo "1685"]
[BlackElo "1942"]
[PlyCount "104"]
[EventDate "2014.07.02"]
[EventType "tourn (corr)"]
[EventRounds "6"]
[EventCountry "GER"]
[SourceTitle "Corr 2022"]
[Source "ChessBase"]
[SourceDate "2021.10.24"]
[SourceVersion "1"]
[SourceVersionDate "2021.10.24"]
[SourceQuality "1"]

1. e4 c6 2. d4 d5 3. e5 Bf5 4. Nc3 e6 5. g4 Bg6 6. Nge2 c5 7. h4 h5 8. Nf4 Bh7 9. Nxh5 Nc6 10. dxc5 Bxc5 11. Bb5 Kf8 12. Bxc6 bxc6 13. Na4 Be7 14. Bg5 Bg6 15. Bxe7+ Qxe7 16. Qd4 Bxh5 17. gxh5 Rxh5 18. 0-0-0 Nh6 19. Nc5 g6 20. Nd3 Rc8 21. Nf4 Nf5 22. Qa4 Rxh4 23. Qa6 Rc7 24. Rxh4 Qxh4 25. Nd3 Kg7 26. Qa5 Qe7 27. Nc5 Rc8 28. Kb1 Rh8 29. Nd3 Qb7 30. Nc5 Qb6 31. Qa3 a5 32. Nd3 Rh2 33. Rc1 c5 34. Nxc5 Rxf2 35. Nd7 Qd8 36. Nc5 Re2 37. Nd3 Qc7 38. Qa4 Re4 39. Qa3 g5 40. b3 Re2 41. Qb2 Ng3 42. Qd4 Ne4 43. Kb2 g4 44. Nf4 Rd2 45. Nd3 g3 46. Qe3 Qc3+ 47. Ka3 Rxc2 48. Rh1 Rh2 49. Rc1 Rc2 50. Rh1 Qd2 51. Qxd2 Rxd2 52. Nf4 Rh2 0-1